<?xml version="1.0" encoding="UTF-8"?><?xml-stylesheet type="text/xsl" href="static/style.xsl"?><OAI-PMH xmlns="http://www.openarchives.org/OAI/2.0/" xmlns:xsi="http://www.w3.org/2001/XMLSchema-instance" xsi:schemaLocation="http://www.openarchives.org/OAI/2.0/ http://www.openarchives.org/OAI/2.0/OAI-PMH.xsd"><responseDate>2026-04-17T07:00:32Z</responseDate><request verb="GetRecord" identifier="oai:www.recercat.cat:10256/19554" metadataPrefix="marc">https://recercat.cat/oai/request</request><GetRecord><record><header><identifier>oai:recercat.cat:10256/19554</identifier><datestamp>2024-06-18T13:56:23Z</datestamp><setSpec>com_2072_452955</setSpec><setSpec>com_2072_2054</setSpec><setSpec>col_2072_453073</setSpec></header><metadata><record xmlns="http://www.loc.gov/MARC21/slim" xmlns:dcterms="http://purl.org/dc/terms/" xmlns:xsi="http://www.w3.org/2001/XMLSchema-instance" xmlns:doc="http://www.lyncode.com/xoai" xsi:schemaLocation="http://www.loc.gov/MARC21/slim http://www.loc.gov/standards/marcxml/schema/MARC21slim.xsd">
   <leader>00925njm 22002777a 4500</leader>
   <datafield ind2=" " ind1=" " tag="042">
      <subfield code="a">dc</subfield>
   </datafield>
   <datafield ind2=" " ind1=" " tag="720">
      <subfield code="a">Castellanos, María del Mar</subfield>
      <subfield code="e">author</subfield>
   </datafield>
   <datafield ind2=" " ind1=" " tag="720">
      <subfield code="a">Van Eendenburg, Cecile</subfield>
      <subfield code="e">author</subfield>
   </datafield>
   <datafield ind2=" " ind1=" " tag="720">
      <subfield code="a">Gubern Mérida, M. Carme</subfield>
      <subfield code="e">author</subfield>
   </datafield>
   <datafield ind2=" " ind1=" " tag="720">
      <subfield code="a">Sánchez Navarro, Juan Manuel</subfield>
      <subfield code="e">author</subfield>
   </datafield>
   <datafield ind2=" " ind1=" " tag="260">
      <subfield code="c">2016-09-01</subfield>
   </datafield>
   <datafield ind2=" " ind1=" " tag="520">
      <subfield code="a">Conventional C18 silica columns have proven to be useful for the analysis of amino acids (AA) from protein hydrolysates but undesirable peak overlapping is usually found when analyzing body fluids given that a large number of AAs are present in the samples. As an alternative to silica packings, an ethyl-bridged packing for reversed-phase liquid chromatography of derivatized AAs with 6-aminoquinolyl-N-hydroxysuccinimidyl carbamate (AQC) has been evaluated. The new packing material improves theseparation efficiency allowing better separations when analyzing biological fluids. Moreover, this packing has advantages for routine AA analysis, such as a decrease in the total running time and an increase in the life-time of the columns. The pH of the mobile phase has a significant effect on the elution behavior of the AQC hydrolysis product (AMQ) and on the AA derivatives. It is not possible to elute AMQ before detecting the first AA derivative, which requires an accurate adjustment of the pH in the range of 5.30-5.35 to obtain good separation and resolution for the most polar compounds. Under the conditions proposed, it is possible to separate all AAs except the Gly-Gln pair, which is not a problem when hydrolyzed samples are analyzed. The AMQ-Ser pair requires either the use of a different mobile phase pH for its baseline separation or the use of fluorescence detection. Two different procedures for protein removal from plasma samples have been evaluated, solvent precipitation and ultrafiltration (UF) and it has been found that UF gives better results as no significant losses of AAs were observed. The validation of the proposed method with UV detection gives method detection limits in the range of 8-12 microM, with repeatability values &lt; 8% (n = 6) and inter-day precision in plasma samples ranging from 4 to 13% (n = 4)</subfield>
   </datafield>
   <datafield ind2=" " ind1=" " tag="520">
      <subfield code="a">This study has been partially supported by the Red INVICTUS (RD12/0014/0001), integrated in&#xd;
the Plan Estatal de I+D+i and co-financed by the Subdirección General de Evaluación y Fomento&#xd;
de la Investigación of the Instituto de Salud Carlos III and by the European Regional&#xd;
Development Fund (ERDF), and the University of Girona (MPCUdG2016/100)</subfield>
   </datafield>
   <datafield ind1="8" ind2=" " tag="024">
      <subfield code="a">http://hdl.handle.net/10256/19554</subfield>
   </datafield>
   <datafield tag="653" ind2=" " ind1=" ">
      <subfield code="a">Aminoàcids</subfield>
   </datafield>
   <datafield tag="653" ind2=" " ind1=" ">
      <subfield code="a">Ultrafiltració</subfield>
   </datafield>
   <datafield tag="653" ind2=" " ind1=" ">
      <subfield code="a">Cromatografia de líquids</subfield>
   </datafield>
   <datafield tag="653" ind2=" " ind1=" ">
      <subfield code="a">Amino acids</subfield>
   </datafield>
   <datafield tag="653" ind2=" " ind1=" ">
      <subfield code="a">Ultrafiltration</subfield>
   </datafield>
   <datafield tag="653" ind2=" " ind1=" ">
      <subfield code="a">Liquid chromatography</subfield>
   </datafield>
   <datafield tag="653" ind2=" " ind1=" ">
      <subfield code="a">Cerebral ischemia --Treatment</subfield>
   </datafield>
   <datafield tag="653" ind2=" " ind1=" ">
      <subfield code="a">Thrombolytic therapy</subfield>
   </datafield>
   <datafield ind2="0" ind1="0" tag="245">
      <subfield code="a">Ethyl-bridged hybrid column as an efficient alternative for HPLC analysis of plasma amino acids by pre-column derivatization with 6-aminoquinolyl-N-hydroxysuccinimidyl carbamate</subfield>
   </datafield>
</record></metadata></record></GetRecord></OAI-PMH>